| 000 | 00407cam a2200157ua 4500 | ||
|---|---|---|---|
| 041 |
_aeng _h |
||
| 082 |
_a823.308 _bRID/MO |
||
| 100 | _aRider Haggard, Sir H . | ||
| 245 |
_aMorning star: A Story of Egypt / _cSir H Rider Haggard. _hTextual Documents |
||
| 250 |
_a1 / _b. |
||
| 260 |
_aLondon : _bLongman Green and Co , _c1964. |
||
| 300 | _a153 ; . | ||
| 504 | _a | ||
| 942 | _cBK | ||
| 999 |
_c6924 _d6924 |
||